ბათუმის შოთა რუსთაველის სახელმწიფო უნივერსიტეტის ბიბლიოთეკა

Monuments of Civilizacion Egypt (ბიბ.ჩანაწერი № 46671)

000 -LEADER
fixed length control field 00449nam a2200193Ia 4500
001 - CONTROL NUMBER
control field 13512
003 - CONTROL NUMBER IDENTIFIER
control field GE_BSU
008 - FIXED-LENGTH DATA ELEMENTS--GENERAL INFORMATION
fixed length control field 181216s||||||||xx |||||||||||||| ||und||
040 ## - CATALOGING SOURCE
Transcribing agency GE_BSU
080 ## - UNIVERSAL DECIMAL CLASSIFICATION NUMBER
Universal Decimal Classification number 94(32)
100 ## - MAIN ENTRY--PERSONAL NAME
Personal name Barocas,Claudio
245 ## - TITLE STATEMENT
Title Monuments of Civilizacion Egypt
260 ## - PUBLICATION, DISTRIBUTION, ETC.
Place of publication, distribution, etc. London
260 ## - PUBLICATION, DISTRIBUTION, ETC.
Name of publisher, distributor, etc. The reader's digest
260 ## - PUBLICATION, DISTRIBUTION, ETC.
Date of publication, distribution, etc. 1970
300 ## - PHYSICAL DESCRIPTION
Extent 188p.32cm.ill
653 ## - INDEX TERM--UNCONTROLLED
Uncontrolled term Monuments of Civilizacion Eggypt
942 ## - ADDED ENTRY ELEMENTS (KOHA)
Koha item type წიგნი
ეგზემპლარები
Withdrawn status Lost status Damaged status Not for loan Date acquired Barcode Date last seen Price effective from Koha item type
        2018-12-17 36979 2018-12-17 2018-12-17 წიგნი